Konstantinova pomsta /

Hlavní autor: Walker, Kate, 1950-
Další autoři: Riglová, Marcela, 1949-
Jazyk: Čeština
Vydáno: Praha : Harlequin, c2001
Edice: Polibky
Témata:
Fyzický popis: 192 s. ; 17 cm
Knihy
Uloženo v:
LEADER 01100nam a2200337 a 4500
001 000555996
003 CZ BrMZK
005 20130830164155.0
007 ta
008 000115s2001 xr g f cze d
015 |a cnb000997718 
020 |a 80-241-0785-6 
035 |a (OCoLC)47951222 
040 |a BOA001  |b cze 
041 1 |a cze  |h eng 
072 7 |a 821-31/-34  |x Milostná, dobrodružná, fantastická próza  |2 Konspekt  |9 25 
080 |a 821-312.5  |2 MRF 
080 |a (0:82-312.5)  |2 MRF 
100 1 |a Walker, Kate,  |d 1950-  |7 xx0034321  |4 aut 
245 1 0 |a Konstantinova pomsta /  |c Kate Walkerová ; [překlad Marcela Riglová] 
260 |a Praha :  |b Harlequin,  |c c2001 
300 |a 192 s. ;  |c 17 cm 
490 1 |a Polibky ;  |v 98 (X 02/01) 
500 |a Překlad z angličtiny 
655 7 |a milostné romány  |7 fd132840  |2 czenas 
700 1 |a Riglová, Marcela,  |d 1949-  |7 mzk2005279359  |4 trl 
765 0 |t Constantine's Revenge 
830 0 |a Polibky 
910 |a BOA001  |b 1-1088.787 
990 |a BK 
996 6 |b 2610140647  |c 1-1088.787  |l MZK  |r Sklad / do 1 hodiny  |n 6  |p p.v.  |w 000555996  |u 000010  |a 1  |e BOA001  |j MZK50  |s P